| 000 | 00675cam a2200253 4500 | ||
|---|---|---|---|
| 001 | M2091 | ||
| 008 | 090401t1996 xxu||||| |||| 00| 0 eng d | ||
| 035 | _a(Sirsi) u36411 | ||
| 041 | _aeng | ||
| 050 | _a330.94741 | ||
| 100 | _aGould, Nicholas | ||
| 245 | _aEstonia : an emerging opportunity. | ||
| 260 |
_aAscot, Berkshire _bChartered Institute of Building _c1996 |
||
| 300 | _a8p. ; 30cm. | ||
| 350 | _a0 | ||
| 490 |
_aConstruction Papers _v58 |
||
| 650 | _aCONSTRUCTION INDUSTRY | ||
| 650 | _aESTONIA | ||
| 690 | _aOVERSEAS-EUROPE | ||
| 700 |
_aHarlow, Peter _xEditor |
||
| 710 |
_aChartered Institute of Building _92134 |
||
| 942 | _n0 | ||
| 948 | _c04/03/1997 | ||
| 999 |
_c90272 _d90272 |
||